| 000 | 01647ntm a2200277 4500 | ||
|---|---|---|---|
| 001 | 24271 | ||
| 003 | BD-RjUL | ||
| 005 | 20211209001029.0 | ||
| 008 | 140312s2012 b ||||| mb|| 00| 0 b d | ||
| 035 | _a(BD-RjUL)24337 | ||
| 040 |
_aBD-RjUL _beng _cBD-RjUL |
||
| 041 | _aeng | ||
| 082 |
_221 _a320.540954 _bALB 2012 |
||
| 100 |
_aআলী, মো. আককাছ _974759 |
||
| 245 |
_aভারতীয় উপমহাদেশে মুসলিম জাতীয়তাবাদের উদ্ভব ও ক্রমবিকাশ : _bএকটি ঐতিহাসিক ও তাত্ত্বিক বিশ্লেষণ / _cমো. আককাছ আলী ; _6তত্ত্বাবধায়ক: মু. আবদুল হক. |
||
| 260 |
_aরাজশাহী: _bআরবী বিভাগ, রাজশাহী বিশ্ববিদ্যালয়, _c২০১২. |
||
| 300 |
_ax, ৩৩৫ পাতা ; _c২৯ সেমি. |
||
| 502 | _aথিসিস (পিএইচ. ডি.)--আরবী বিভাগ, রাজশাহী বিশ্ববিদ্যালয়, ২০১২. | ||
| 504 | _aগ্রন্থপঞ্জি: পাতা ৩৩০-৩৩৫ | ||
| 650 | 0 |
_aমুসলমান _vইতিহাস _zভারত _974760 |
|
| 650 | 0 |
_aMuslim _vHistory _zIndia _9247244 |
|
| 650 | 0 |
_aমুসলমান জাতীয়তাবাদ _vইতিহাস _zভারত _974761 |
|
| 650 | 0 |
_aMuslim Nationalism _vHistory _zIndia _9247245 |
|
| 700 |
_aহক, মু. আবদুল, তত্ত্বাবধায়ক _9119224 |
||
| 942 |
_2ddc _cTHE |
||
| 999 |
_c24271 _d24271 |
||